000 01279naa a2200301 c 4500
001 47444
003 ES-MaCES
005 20160418121029.0
008 160418s2015 sp ||||| t||||||| ||spa d
040 _aES-MaCES
_bspa
_cES-MaCES
_dES-MaCES
100 1 _913753
_aGonzález Begega, Sergio
245 1 3 _aLa información y consulta de trabajadores en empresas transnacionales. Dimensiones y despliegue práctico de los comités de empresa europeos
_cSergio González Begega, Holm-Detlev Köhler, Mona Aranea
650 4 _927142
_aempresa multinacional
650 4 _929357
_ajunta de dirección
650 4 _927293
_aliderazgo
650 4 _928194
_atoma de decisiones
650 4 _928378
_aparticipación de los trabajadores
650 4 _928912
_acomité de empresa
650 4 _929540
_adivulgación de la información
650 4 _929873
_aDirectiva de la CE
650 4 _926752
_aUE
653 1 0 _aRelaciones laborales-Empleo
700 1 _915889
_aKöhler, Holm-Detlev
700 1 _936744
_aAranea, Mona
773 0 _984314
_dAlbacete (Concepción, 12, 2º izda., 02002) Bomarzo 1998-
_o087216
_tRevista de derecho social
_w(ES-MaCES)25695
_gn. 72 (oct.-dic. 2015) {10693 R. 087216} ;p. 185-196
902 _aART Artículo de revista
942 _2CES
_cAR
_h2.0.
999 _c47444
_d47444